| 000 | 00995cam a22002651 4500 | ||
|---|---|---|---|
| 001 | sd 67000006 | ||
| 003 | DLC | ||
| 005 | 20260227112737.0 | ||
| 008 | 750225s1967 dcu 000 0 eng | ||
| 010 | _asd 67000006 | ||
| 035 | _a(OCoLC)1188043 | ||
| 040 |
_aDLC _cOOxM _dOrPS _dOCoLC _dDLC |
||
| 042 | _apremarc | ||
| 043 | _an-us--- | ||
| 050 | 0 | 0 |
_aJX1706 _b.A823 |
| 082 | _a327/.2/0973 | ||
| 110 | 1 |
_aUnited States. _bDepartment of State. _bOffice of Media Services. |
|
| 245 | 1 | 4 |
_aThe country team; _ban illustrated profile of our American missions abroad. |
| 260 |
_a[Washington, _bFor sale by the Supt. of Docs., U.S. Govt. Print. Off., _c1967] |
||
| 300 |
_a69 p. _billus. _c29 cm. |
||
| 490 | 1 |
_aDept. of State publication 8193. Department and Foreign Service series, _v136 |
|
| 650 | 0 | _aDiplomatic and consular service, American. | |
| 830 | 0 |
_aDepartment of State publication ; _v8193. |
|
| 830 | 0 |
_aDepartment of State publication. _pDepartment and Foreign Service series ; _v136. |
|
| 999 |
_c90112 _d90112 |
||